Business in a changing world / (Record no. 10193)

MARC details
000 -LEADER
fixed length control field 00800cam a22002412 4500
001 - CONTROL NUMBER
control field 0000024226
005 - DATE AND TIME OF LATEST TRANSACTION
control field 20151217152258.0
008 - FIXED-LENGTH DATA ELEMENTS--GENERAL INFORMATION
fixed length control field 130620s xx 000 0 eng d
020 ## - INTERNATIONAL STANDARD BOOK NUMBER
International Standard Book Number 0538813911 :
040 ## - CATALOGING SOURCE
Original cataloging agency KABU
Transcribing agency KABU
050 #0 - LIBRARY OF CONGRESS CALL NUMBER
Classification number HD31
Item number .C86 1993
100 1# - MAIN ENTRY--PERSONAL NAME
Personal name Cunningham, William H.
-- 0000150701
245 10 - TITLE STATEMENT
Title Business in a changing world /
Statement of responsibility, etc. William H. Cunningham, Ramon J. Aldag, Stanley B. Block.
250 ## - EDITION STATEMENT
Edition statement 3rd ed.
260 ## - PUBLICATION, DISTRIBUTION, ETC. (IMPRINT)
Place of publication, distribution, etc. Cincinnati, Ohio :
Name of publisher, distributor, etc. South-Western College Publishing,
Date of publication, distribution, etc. 1993.
300 ## - PHYSICAL DESCRIPTION
Extent xxxii, 766.
650 #0 - SUBJECT ADDED ENTRY--TOPICAL TERM
Topical term or geographic name as entry element Business enterprises
General subdivision United States.
-- 0000150702
700 1# - ADDED ENTRY--PERSONAL NAME
Personal name Aldag, Ramon J.
-- 0000150703
700 1# - ADDED ENTRY--PERSONAL NAME
Personal name Block, Stanley B.
-- 0000184212
852 1# - LOCATION
-- p16683 KES
908 ## - PUT COMMAND PARAMETER (RLIN)
Put command parameter 130620
950 ## - LOCAL HOLDINGS (RLIN)
-- 1
Holdings
Withdrawn status Lost status Source of classification or shelving scheme Not for loan Home library Current library Date acquired Total Checkouts Full call number Barcode Date last seen Price effective from Koha item type
    Library of Congress Classification   Kabarak, Main Campus Kabarak, Main Campus 17/12/2015   HD31 .C86 1993 c. 1 015721 02/08/2024 17/12/2015 General Collection
Designed with assistance from East African Informatics Ltd